LEADER 01047nam a2200253 i 4500 001 000000106478 003 CaOOAMICUS 005 20081031000000.0 008 081031s1981 it u000 u ita u 013 $a78672 040 $aSeMil$bita 100 1 $aBarchiesi, Marino.$0(OLS)http://semarc/name/44802 245 12$aI moderni alla ricerca di Enea /$cMarino Barchiesi ; Premessa di Francesco Della Corte. 260 $aRoma :$bBulzoni,$ccopyr. 1981. 300 $a177 p. ;$c22 cm. 490 0 $aBiblioteca di cultura ;$v190 650 4$aLetteratura latina.$0(OLS)http://semarc/subject/1921 700 1 $aDella Corte, Francesco,$d<1913-1991>.$0(OLS)http://semarc/name/597 830 0$aBiblioteca di cultura ;$v190.$0(OLS)http://semarc/title/6149 850 $aSeMil 852 $aSeMil$W1$xVenegono$y1$m1X III 62$j237961$B62610$CSeMilBibl$Z2$F73295 $81 961 $aOmaggio: Oneta don Marco 996 $6245$aI moderni alla ricerca di Enea$9(OLS)http://semarc/title/154427 996 $6260$aRoma :$bBulzoni$9(OLS)http://semarc/publisher/30302 LEADER 01144nam a2200277 i 4500 001 000000127588 003 CaOOAMICUS 005 20040625000000.0 008 040625s2004 sp u000 u spa u 013 $a100300 020 $a84-89561-43-5 040 $aSeMil$bita 100 1 $aPuig, Fernando.$0(OLS)http://semarc/name/53078 245 13$aLa esencia del matrimonio a la luz del realismo jurídico /$cFernando Puig. 260 $aPamplona :$bNavarra Gráfica,$c2004. 300 $a276 p. ;$c25 cm. 490 0 $aColección Canónica 500 $aContiene : Bibliografia. 650 4$aMatrimonio - Diritto canonico.$0(OLS)http://semarc/subject/1701 830 0$aColección Canónica.$0(OLS)http://semarc/title/641 850 $aSeMil 852 $aSeMil$W1$xVenegono$y1$m2H V 125$j81868$B81868$CSeMilBibl$Z2$F84780 $81 961 $aOmaggio per recensione: Scuola Cattolica 996 $6020$a84-89561-43-5$9(OLS)http://semarc/number/101730 996 $6245$aLa esencia del matrimonio a la luz del realismo jurídico$9(OLS)http://semarc/title/188316 996 $6260$aPamplona :$bNavarra Gráfica$9(OLS)http://semarc/publisher/29861